| 000 | 00805cai a22001815a 4500 | ||
|---|---|---|---|
| 001 | E147941 | ||
| 008 | 090702u xxk g 000 0 eng d | ||
| 035 | _a(Sirsi) u147941 | ||
| 041 | 0 | _aeng | |
| 110 | 2 |
_aScottish Ecological Design Association _95761 |
|
| 245 | 0 | 0 |
_aSEDA _bScottish Ecological Design Association _h[electronic resource] |
| 520 | _aWebsite for SEDA, which is a charity aimed at promoting the design of buildings, services and products which are not harmful to the natural world. Includes links to design guides, articles, a magazine, and provides more information on SEDA and its aims. | ||
| 590 | _aKA | ||
| 651 | 4 |
_aScotland _y1999- |
|
| 690 | _aENVIRONMENTAL AND LAND CONSULTANCY | ||
| 856 | 4 | 0 |
_uhttps://www.seda2.org/ _zView the website free of charge at www.seda2.org... |
| 942 | _n0 | ||
| 999 |
_c120808 _d120808 |
||